| Поле | Инд. | ПП | Название | Значение |
|---|---|---|---|---|
| Тип записи | a | |||
| Библиографический уровень | m | |||
| 001 | Контрольный номер | 0b54832966a64068a1abfcd9d6111bf4 | ||
| 005 | Дата корректировки | 20260527121253.3 | ||
| 020 | a | ISBN | 978-5-09-116784-9 | |
| 097 | b | Оператор | *Ви* | |
| 100 | 1_ | a | Автор | Босова Л.Л. |
| 245 | 10 | a | Заглавие | Информатика. 10 класс. Базовый уровень |
| b | Продолж. заглавия | учебник | ||
| b | Продолж. заглавия | в составе учебно-методического комплекса | ||
| 250 | a | Основные сведения об издании | 7-е изд., стер. | |
| 260 | a | Место издания | Москва | |
| b | Издательство | Просвещение | ||
| c | Дата издания | 2024 | ||
| 300 | a | Объем | 288 c. | |
| 440 | _0 | a | Серия | УМК-У |
| 516 | 8_ | a | Прим. о типе комп. файла/ данных | Текст : электронный |
| 520 | 0_ | a | Аннотация | Учебное издание предназначено для изучения информатики на базовом уровне в 10 классе общеобразовательных организаций. Включает вопросы, касающиеся информации и информационных процессов, математических основ информатики, аппаратного и программного обеспечения компьютера, информационных технологий. Содержание учебного издания опирается на материал, изученный в 7–9 классах основной школы. Учебное издание позволяет каждому обучающемуся овладеть ключевыми понятиями и закономерностями, на которых строится современная информатика, научиться выполнять задания ЕГЭ базового уровня сложности. Мотивированный обучающийся научится выполнять ряд заданий ЕГЭ повышенного уровня сложности. Соответствует федеральному государственному образовательному стандарту среднего общего образования и примерной основной образовательной программе среднего общего образования. |
| 535 | 1_ | a | Хранилище | Сервер |
| 583 | a | Действие | Приписка : УМК | |
| 653 | 0_ | a | Ключевые слова | Информатика |
| a | Ключевые слова | СПО | ||
| 700 | 12 | a | Другие авторы | Босова А.Ю. |
| 773 | 18 | w | Контрольный № источника | d9cb9f303c3040489b88d9191d4d6456 |
| w | Контрольный № источника | 89ccc38136f34a95a07afc41fab568a3 | ||
| 900 | a | Имя макрообъекта | 001-000188448-000000000-0000-0000-01 | |
| 901 | t | Тип документа | m | |
| 905 | b | Дата создания записи обработка | 22.09.25 | |
| c | Дата приписки | 15.04.26 | ||
| c | Дата приписки | 27.05.26 |